[Event "Tula Afromeev mem"]
[Site "Tula RUS"]
[Date "2004.07.09"]
[Round "3"]
[White "Sambuev, Bator"]
[Black "Andreev, Eduard"]
[Result "1-0"]
[WhiteElo "2562"]
[BlackElo "2494"]
[PlyCount "105"]
[EventDate "2004.07.07"]
[EventType "tourn"]
[EventRounds "15"]
[EventCountry "RUS"]
[EventCategory "8"]
[Source "ChessBase"]
[SourceDate "2005.11.24"]

1. Nf3 c5 2. c4 Nc6 3. Nc3 e5 4. g3 g6 5. Bg2 Bg7 6. h4 h6 7. d3 d6 8. Bd2 Nge7
9. Qc1 Be6 10. a3 a5 11. Rb1 Rb8 12. Nh2 d5 13. cxd5 Nxd5 14. Nxd5 Bxd5 15. O-O
b6 16. b4 Nd4 17. Qd1 Bxg2 18. Kxg2 axb4 19. axb4 O-O 20. bxc5 bxc5 21. Rxb8
Qxb8 22. e3 Qb7+ 23. Nf3 Ne6 24. Qc2 Rd8 25. Rb1 Qd5 26. Rb3 Qd6 27. Qc4 Rd7
28. Bc1 Kh7 29. Bb2 Qc6 30. e4 Qd6 31. Qb5 Rd8 32. Nd2 Qd7 33. Qxd7 Rxd7 34.
Nc4 Nd4 35. Bxd4 cxd4 36. h5 gxh5 37. Kh3 Ra7 38. f4 exf4 39. gxf4 Ra1 40. Nd6
Rc1 41. Rb7 Rc3 42. Rxf7 Rxd3+ 43. Kh4 Rd1 44. Nf5 Rg1 45. Rd7 Kg8 46. Kxh5 Bf8
47. e5 Rh1+ 48. Kg6 Rg1+ 49. Kf6 Rg4 50. e6 Rxf4 51. Rd8 Rxf5+ 52. Kxf5 Kg7 53.
Rd7+ 1-0

[Event "Tula Afromeev mem"]
[Site "Tula RUS"]
[Date "2004.07.09"]
[Round "4"]
[White "Rychagov, Andrey"]
[Black "Sambuev, Bator"]
[Result "1/2-1/2"]
[WhiteElo "2541"]
[BlackElo "2562"]
[PlyCount "24"]
[EventDate "2004.07.07"]
[EventType "tourn"]
[EventRounds "15"]
[EventCountry "RUS"]
[EventCategory "8"]
[Source "ChessBase"]
[SourceDate "2005.11.24"]

1. d4 d5 2. c4 c6 3. cxd5 cxd5 4. Nc3 Nf6 5. Nf3 Nc6 6. Bf4 a6 7. e3 Bg4 8. Be2
e6 9. O-O Be7 10. Ne5 Bxe2 11. Qxe2 Nxe5 12. Bxe5 O-O 1/2-1/2

[Event "Tula Afromeev mem"]
[Site "Tula RUS"]
[Date "2004.07.10"]
[Round "5"]
[White "Sambuev, Bator"]
[Black "Tishin, Petr"]
[Result "1-0"]
[WhiteElo "2562"]
[BlackElo "2440"]
[PlyCount "55"]
[EventDate "2004.07.07"]
[EventType "tourn"]
[EventRounds "15"]
[EventCountry "RUS"]
[EventCategory "8"]
[Source "ChessBase"]
[SourceDate "2005.11.24"]

1. d4 d5 2. c4 Nc6 3. Nc3 dxc4 4. Nf3 Nf6 5. e3 e5 6. d5 Ne7 7. Nxe5 Nexd5 8.
Bxc4 Bb4 9. O-O Bxc3 10. bxc3 Qd6 11. Nxf7 Kxf7 12. e4 Be6 13. exd5 Bxd5 14.
Bf4 Qc6 15. Bxd5+ Qxd5 16. Qc2 Qc4 17. Be5 Rae8 18. Bxf6 Kxf6 19. Rad1 g6 20.
Rd4 Qe6 21. Qd2 Rhf8 22. Qh6 Rf7 23. h4 Qe5 24. Rfd1 Ree7 25. R1d3 Re6 26. Rf3+
Ke7 27. Rxf7+ Kxf7 28. Qxh7+ 1-0

[Event "Tula Afromeev mem"]
[Site "Tula RUS"]
[Date "2004.07.11"]
[Round "6"]
[White "Sambuev, Bator"]
[Black "Larionov, Sergey"]
[Result "1-0"]
[WhiteElo "2562"]
[BlackElo "2216"]
[PlyCount "65"]
[EventDate "2004.07.07"]
[EventType "tourn"]
[EventRounds "15"]
[EventCountry "RUS"]
[EventCategory "8"]
[Source "ChessBase"]
[SourceDate "2005.11.24"]

1. e4 c5 2. Nf3 e6 3. d4 cxd4 4. Nxd4 a6 5. Nc3 Qc7 6. Bd3 Nf6 7. O-O d6 8. f4
Be7 9. Nf3 Nbd7 10. Qe1 Nc5 11. Qg3 Rg8 12. e5 Nh5 13. Qh3 Nxd3 14. cxd3 g6 15.
Be3 Bd7 16. Rac1 Bc6 17. Rf2 Qd7 18. Nd4 Rc8 19. g4 Ng7 20. Qxh7 Kf8 21. Nxc6
Rxc6 22. d4 d5 23. Kh1 b5 24. Rg1 Qc8 25. f5 exf5 26. Bh6 Rxc3 27. bxc3 Qxc3
28. Rc1 Qxd4 29. Rc8+ Bd8 30. Rxd8+ Ke7 31. Bg5+ Ke6 32. Rd6+ Kxe5 33. Bf6+ 1-0

[Event "Tula Afromeev mem"]
[Site "Tula RUS"]
[Date "2004.07.11"]
[Round "7"]
[White "Yagupov, Igor"]
[Black "Sambuev, Bator"]
[Result "1-0"]
[WhiteElo "2509"]
[BlackElo "2562"]
[PlyCount "59"]
[EventDate "2004.07.07"]
[EventType "tourn"]
[EventRounds "15"]
[EventCountry "RUS"]
[EventCategory "8"]
[Source "ChessBase"]
[SourceDate "2005.11.24"]

1. e4 e6 2. d4 d5 3. Nc3 Nf6 4. e5 Nfd7 5. f4 c5 6. Nf3 Nc6 7. Be3 a6 8. Qd2 b5
9. dxc5 Nxc5 10. Qf2 Na4 11. Nxa4 bxa4 12. c3 Bd7 13. Bd3 f5 14. exf6 Qxf6 15.
O-O Bd6 16. Qc2 Bxf4 17. Bxf4 Qxf4 18. Bxh7 Ke7 19. Rae1 Qh6 20. Bf5 Raf8 21.
h3 Kd6 22. Bg4 Rf4 23. Qe2 Rb8 24. Nd4 Rxf1+ 25. Rxf1 Nxd4 26. cxd4 Rc8 27. Rf7
a5 28. Kh2 Rc7 29. Qe5+ Kc6 30. Bd1 1-0

[Event "Tula Afromeev mem"]
[Site "Tula RUS"]
[Date "2004.07.12"]
[Round "8"]
[White "Sambuev, Bator"]
[Black "Brikov, Illarion"]
[Result "1-0"]
[WhiteElo "2562"]
[BlackElo "2388"]
[PlyCount "85"]
[EventDate "2004.07.07"]
[EventType "tourn"]
[EventRounds "15"]
[EventCountry "RUS"]
[EventCategory "8"]
[Source "ChessBase"]
[SourceDate "2005.11.24"]

1. Nf3 Nf6 2. c4 g6 3. Nc3 Bg7 4. e4 d6 5. d4 O-O 6. Be2 e5 7. O-O Nc6 8. d5
Ne7 9. Ne1 Ne8 10. Be3 f5 11. f3 f4 12. Bf2 g5 13. c5 Ng6 14. a4 h5 15. cxd6
cxd6 16. a5 Nf6 17. Nb5 g4 18. Nxa7 Bd7 19. Kh1 h4 20. a6 g3 21. axb7 Rb8 22.
Nc6 Bxc6 23. dxc6 gxf2 24. Qb3+ Kh8 25. Rxf2 Ne8 26. Bc4 Ne7 27. Bd5 Nc7 28.
Nd3 Qe8 29. Nb4 Nexd5 30. exd5 e4 31. Na6 Nxa6 32. Rxa6 e3 33. Re2 h3 34. Ra1
hxg2+ 35. Rxg2 Qh5 36. Rf1 Rbe8 37. c7 e2 38. Re1 Re3 39. Qxe3 fxe3 40. c8=Q
Qxf3 41. Qg4 Qxg4 42. Rxg4 Rf1+ 43. Rg1 1-0

[Event "Tula Afromeev mem"]
[Site "Tula RUS"]
[Date "2004.07.13"]
[Round "10"]
[White "Sambuev, Bator"]
[Black "Kuzin, Anton"]
[Result "1-0"]
[WhiteElo "2562"]
[BlackElo "2385"]
[PlyCount "65"]
[EventDate "2004.07.07"]
[EventType "tourn"]
[EventRounds "15"]
[EventCountry "RUS"]
[EventCategory "8"]
[Source "ChessBase"]
[SourceDate "2005.11.24"]

1. e4 c6 2. Nf3 d5 3. Nc3 Bg4 4. h3 Bxf3 5. Qxf3 dxe4 6. Nxe4 Nd7 7. d3 Ngf6 8.
Bd2 e6 9. g4 Be7 10. O-O-O Nxe4 11. dxe4 Bg5 12. Be2 Bxd2+ 13. Rxd2 Qe7 14. Qc3
e5 15. Qa5 Nc5 16. f3 b6 17. Qc3 O-O 18. Rhd1 a5 19. Rd6 Rac8 20. h4 h6 21. Bc4
Rc7 22. a3 Nb7 23. R6d2 Rd8 24. Rxd8+ Nxd8 25. Qd2 Nb7 26. g5 hxg5 27. hxg5 g6
28. Kb1 Nc5 29. Rh1 Kf8 30. f4 Qd7 31. Qh2 Ke7 32. Qh8 Qe8 33. Qxe5+ 1-0

[Event "Tula Afromeev mem"]
[Site "Tula RUS"]
[Date "2004.07.14"]
[Round "11"]
[White "Savon, Vladimir"]
[Black "Sambuev, Bator"]
[Result "1/2-1/2"]
[WhiteElo "2461"]
[BlackElo "2562"]
[PlyCount "25"]
[EventDate "2004.07.07"]
[EventType "tourn"]
[EventRounds "15"]
[EventCountry "RUS"]
[EventCategory "8"]
[Source "ChessBase"]
[SourceDate "2005.11.24"]

1. c4 c6 2. Nc3 d5 3. e3 Nf6 4. Nf3 a6 5. d4 b5 6. cxd5 cxd5 7. Bd3 Bb7 8. O-O
e6 9. b3 Be7 10. Bb2 Nbd7 11. Ne5 O-O 12. Ne2 Rc8 13. f3 1/2-1/2

[Event "Tula Afromeev mem"]
[Site "Tula RUS"]
[Date "2004.07.14"]
[Round "12"]
[White "Sambuev, Bator"]
[Black "Umansky, Vladimir"]
[Result "1-0"]
[WhiteElo "2562"]
[BlackElo "2338"]
[PlyCount "49"]
[EventDate "2004.07.07"]
[EventType "tourn"]
[EventRounds "15"]
[EventCountry "RUS"]
[EventCategory "8"]
[Source "ChessBase"]
[SourceDate "2005.11.24"]

1. d4 Nf6 2. c4 g6 3. Nc3 d5 4. cxd5 Nxd5 5. Bd2 Bg7 6. e4 Nxc3 7. Bxc3 O-O 8.
Bc4 c5 9. d5 Bxc3+ 10. bxc3 b5 11. Bxb5 Qa5 12. Qd3 Nd7 13. Nf3 Rb8 14. Bxd7
Bxd7 15. O-O Rb2 16. Ne5 Bb5 17. c4 Ba6 18. Nc6 Qc7 19. Qa3 Qb6 20. Nxe7+ Kg7
21. Nc6 f6 22. Qc3 Re2 23. Rab1 Qc7 24. Rfe1 Rxa2 25. e5 1-0

[Event "Tula Afromeev mem"]
[Site "Tula RUS"]
[Date "2004.07.15"]
[Round "13"]
[White "Teterev, Vitaly"]
[Black "Sambuev, Bator"]
[Result "1/2-1/2"]
[WhiteElo "2486"]
[BlackElo "2562"]
[PlyCount "21"]
[EventDate "2004.07.07"]
[EventType "tourn"]
[EventRounds "15"]
[EventCountry "RUS"]
[EventCategory "8"]
[Source "ChessBase"]
[SourceDate "2005.11.24"]

1. e4 e6 2. d4 d5 3. exd5 exd5 4. Nf3 Nc6 5. Bb5 Bd6 6. O-O Nge7 7. c3 O-O 8.
Bg5 f6 9. Be3 Nf5 10. Bc1 a6 11. Bd3 1/2-1/2

[Event "Tula Afromeev mem"]
[Site "Tula RUS"]
[Date "2004.07.15"]
[Round "14"]
[White "Sambuev, Bator"]
[Black "Saulin, Dmitri"]
[Result "1-0"]
[WhiteElo "2562"]
[BlackElo "2396"]
[PlyCount "55"]
[EventDate "2004.07.07"]
[EventType "tourn"]
[EventRounds "15"]
[EventCountry "RUS"]
[EventCategory "8"]
[Source "ChessBase"]
[SourceDate "2005.11.24"]

1. d4 Nf6 2. c4 e6 3. Nf3 b6 4. g3 Ba6 5. b3 Bb4+ 6. Bd2 Be7 7. Bg2 c6 8. O-O
d5 9. Qc2 Nbd7 10. Rd1 Rc8 11. Nc3 O-O 12. e4 dxc4 13. Bf4 b5 14. bxc4 Qa5 15.
e5 Nd5 16. Nxd5 cxd5 17. c5 f5 18. exf6 Bxf6 19. Bh3 Rce8 20. Re1 Qa3 21. Re3
Qa4 22. Qxa4 bxa4 23. Rxe6 Nxc5 24. dxc5 Bxa1 25. Rxa6 h6 26. Be6+ Rxe6 27.
Rxe6 g5 28. Be5 1-0

[Event "Tula Afromeev mem"]
[Site "Tula RUS"]
[Date "2004.07.16"]
[Round "15"]
[White "Novikov, Stanislav"]
[Black "Sambuev, Bator"]
[Result "1/2-1/2"]
[WhiteElo "2530"]
[BlackElo "2562"]
[PlyCount "34"]
[EventDate "2004.07.07"]
[EventType "tourn"]
[EventRounds "15"]
[EventCountry "RUS"]
[EventCategory "8"]
[Source "ChessBase"]
[SourceDate "2005.11.24"]

1. e4 e6 2. d4 d5 3. exd5 exd5 4. Nf3 Nc6 5. Bb5 Bd6 6. c4 dxc4 7. d5 a6 8. Ba4
b5 9. dxc6 bxa4 10. O-O Ne7 11. Qxa4 O-O 12. Nbd2 Qe8 13. Nxc4 Qxc6 14. Qxc6
Nxc6 15. Nxd6 cxd6 16. Bf4 Rd8 17. Rfd1 d5 1/2-1/2

[Event "Voronezh op"]
[Site "Voronezh RUS"]
[Date "2004.06.12"]
[Round "1"]
[White "Halyavskiy, Nikita"]
[Black "Sambuev, Bator"]
[Result "0-1"]
[WhiteElo "2302"]
[BlackElo "2490"]
[PlyCount "76"]
[EventDate "2004.06.12"]
[EventType "swiss"]
[EventRounds "9"]
[EventCountry "RUS"]
[Source "Mark Crowther"]
[SourceDate "2004.07.05"]

1. e4 e6 2. d3 c5 3. Nf3 Nc6 4. g3 g6 5. d4 cxd4 6. Nxd4 d5 7. Bb5 dxe4 8. Nc3
a6 9. Ba4 Nge7 10. Bg5 f5 11. Bf6 Rg8 12. Bxe7 Kxe7 13. Bxc6 Bg7 14. Nce2 Qb6
15. Ba4 Rd8 16. c3 e5 17. Qb3 Qd6 18. O-O-O exd4 19. Nxd4 Qc5 20. Ne2 Be6 21.
Qxb7+ Kf8 22. Nf4 Bxa2 23. Bb3 Bxb3 24. Qxb3 Bh6 25. Qb7 Kg8 26. Kb1 Bxf4 27.
gxf4 a5 28. Rd7 Rxd7 29. Qxd7 Ra7 30. Qe8+ Kg7 31. Rd1 Qxf2 32. Qe5+ Kh6 33. c4
e3 34. c5 e2 35. Rc1 Rd7 36. Qc3 Rd1 37. Qh3+ Kg7 38. Qc3+ Qd4 0-1

[Event "Voronezh op"]
[Site "Voronezh RUS"]
[Date "2004.06.13"]
[Round "2"]
[White "Sambuev, Bator"]
[Black "Sidorov, Anatoly"]
[Result "1-0"]
[WhiteElo "2490"]
[BlackElo "2371"]
[PlyCount "49"]
[EventDate "2004.06.12"]
[EventType "swiss"]
[EventRounds "9"]
[EventCountry "RUS"]
[Source "Mark Crowther"]
[SourceDate "2004.07.05"]

1. Nf3 Nf6 2. c4 e6 3. g3 b6 4. Bg2 Bb7 5. O-O Be7 6. Nc3 O-O 7. Re1 c5 8. e4
d6 9. d4 cxd4 10. Nxd4 Qc8 11. Be3 Rd8 12. Rc1 Qd7 13. f4 Nc6 14. Nxc6 Bxc6 15.
Bf2 Rac8 16. Qe2 Bf8 17. Red1 Qb7 18. b4 Qa8 19. a3 h5 20. Bd4 Be7 21. h3 g6
22. Nd5 Nxd5 23. exd5 Bb7 24. Be4 Bf8 25. Bxg6 1-0

[Event "Voronezh op"]
[Site "Voronezh RUS"]
[Date "2004.06.14"]
[Round "3"]
[White "Egorov, Evgeni"]
[Black "Sambuev, Bator"]
[Result "0-1"]
[WhiteElo "2380"]
[BlackElo "2490"]
[PlyCount "100"]
[EventDate "2004.06.12"]
[EventType "swiss"]
[EventRounds "9"]
[EventCountry "RUS"]
[Source "Mark Crowther"]
[SourceDate "2004.07.05"]

1. e4 e6 2. d4 d5 3. e5 c5 4. c3 Nc6 5. Nf3 Qb6 6. a3 Nh6 7. b4 cxd4 8. cxd4
Nf5 9. Be3 Bd7 10. Bd3 Rc8 11. O-O Nxe3 12. fxe3 Be7 13. Ra2 Nb8 14. b5 a6 15.
a4 Qa5 16. Qe2 O-O 17. g4 Rc7 18. h4 Rfc8 19. g5 Rc1 20. Rxc1 Rxc1+ 21. Kg2 Qc7
22. Nbd2 a5 23. Nf1 Be8 24. Rc2 Rxc2 25. Qxc2 Qxc2+ 26. Bxc2 Nd7 27. Kg3 f6 28.
gxf6 gxf6 29. Kf4 fxe5+ 30. dxe5 Nc5 31. N1d2 Bg6 32. Bxg6 hxg6 33. Nd4 Kf7 34.
N2b3 Nd3+ 35. Kg3 Bb4 36. Nf3 Bc3 37. Kg4 b6 38. Kg5 Nxe5 39. Nxe5+ Bxe5 40.
Nd2 Bf6+ 41. Kg4 e5 42. e4 Ke6 43. h5 gxh5+ 44. Kxh5 dxe4 45. Nxe4 Kf5 46. Nd6+
Kf4 47. Kg6 Be7 48. Nf5 Bc5 49. Ng7 e4 50. Ne6+ Ke5 0-1

[Event "Voronezh op"]
[Site "Voronezh RUS"]
[Date "2004.06.15"]
[Round "4"]
[White "Zakharstov, Viacheslav"]
[Black "Sambuev, Bator"]
[Result "0-1"]
[WhiteElo "2520"]
[BlackElo "2490"]
[PlyCount "66"]
[EventDate "2004.06.12"]
[EventType "swiss"]
[EventRounds "9"]
[EventCountry "RUS"]
[Source "Mark Crowther"]
[SourceDate "2004.07.05"]

1. e4 e6 2. d4 d5 3. Nc3 Nf6 4. Bg5 Be7 5. e5 Nfd7 6. Bxe7 Qxe7 7. f4 a6 8. Nf3
Nb6 9. Bd3 c5 10. dxc5 Qxc5 11. Qd2 Nc6 12. h4 h5 13. Qf2 Qxf2+ 14. Kxf2 Bd7
15. b3 Rc8 16. Ne2 Ke7 17. Ke3 f6 18. Ned4 Nxd4 19. Kxd4 Bb5 20. Bxb5 axb5 21.
c3 Rhf8 22. g3 Nd7 23. Rhe1 Nc5 24. Nd2 f5 25. Nf3 Ne4 26. Re3 Rc6 27. Ng1 Rfc8
28. Ne2 b4 29. cxb4 Rc2 30. Re1 Rxa2 31. Rd3 Nf2 32. Rf3 Rd2+ 33. Ke3 Ne4 0-1

[Event "Voronezh op"]
[Site "Voronezh RUS"]
[Date "2004.06.17"]
[Round "6"]
[White "Sambuev, Bator"]
[Black "Shaposhnikov, Evgeny"]
[Result "0-1"]
[WhiteElo "2490"]
[BlackElo "2559"]
[PlyCount "68"]
[EventDate "2004.06.12"]
[EventType "swiss"]
[EventRounds "9"]
[EventCountry "RUS"]
[Source "Mark Crowther"]
[SourceDate "2004.07.05"]

1. Nf3 c5 2. c4 Nc6 3. Nc3 e5 4. g3 g6 5. Bg2 Bg7 6. d3 d6 7. h4 h6 8. Bd2 Nge7
9. Qc1 Be6 10. a3 Nd4 11. Rb1 Rc8 12. b4 cxb4 13. axb4 d5 14. c5 Qd7 15. Nxd4
exd4 16. Na2 b6 17. Rb2 h5 18. Rc2 O-O 19. Bg5 Rc6 20. O-O Rfc8 21. Qa3 Nf5 22.
Rfc1 Bf8 23. Bf6 a5 24. Be5 axb4 25. Nxb4 Rxc5 26. Qa6 Rxc2 27. Nxc2 Bh6 28. f4
Nxg3 29. Kf2 Nf5 30. Qxb6 Qe7 31. Qb2 Qxh4+ 32. Kg1 Bxf4 33. Bxf4 Qxf4 34. Rd1
Rxc2 0-1

[Event "Voronezh op"]
[Site "Voronezh RUS"]
[Date "2004.06.20"]
[Round "9"]
[White "Zakharevich, Igor"]
[Black "Sambuev, Bator"]
[Result "0-1"]
[WhiteElo "2515"]
[BlackElo "2490"]
[PlyCount "70"]
[EventDate "2004.06.12"]
[EventType "swiss"]
[EventRounds "9"]
[EventCountry "RUS"]
[Source "Mark Crowther"]
[SourceDate "2004.07.05"]

1. d4 d5 2. Nf3 Nf6 3. c4 c6 4. Nc3 dxc4 5. e4 b5 6. e5 Nd5 7. a4 e6 8. Ng5 h6
9. Nge4 b4 10. Nb1 Ba6 11. Nbd2 c3 12. Nc4 Bxc4 13. Bxc4 cxb2 14. Bxb2 a5 15.
Qg4 Nd7 16. O-O N7b6 17. Bb3 g6 18. Rfc1 Rc8 19. Rc5 Be7 20. Nd6+ Bxd6 21. exd6
Qxd6 22. Rxa5 Kf8 23. Qg3 Qxg3 24. hxg3 Ke7 25. Ra7+ Nd7 26. a5 Ra8 27. Rxa8
Rxa8 28. Bc1 g5 29. a6 Ra7 30. Bd2 N7b6 31. Bxd5 Nxd5 32. Rb1 Rxa6 33. Bxb4+
Nxb4 34. Rxb4 Ra1+ 35. Kh2 Kd6 0-1

[Event "RUS-Cup 300 years"]
[Site "St Petersburg RUS"]
[Date "2003.10.21"]
[Round "4"]
[White "Brodsky, Michail"]
[Black "Sambuev, Bator"]
[Result "1/2-1/2"]
[WhiteElo "2559"]
[BlackElo "2507"]
[PlyCount "27"]
[EventDate "2003.10.18"]
[EventType "swiss"]
[EventRounds "9"]
[EventCountry "RUS"]
[Source "ChessBase"]
[SourceDate "2003.11.25"]

1. e4 e6 2. d4 d5 3. Nc3 Nf6 4. e5 Nfd7 5. f4 c5 6. Nf3 Nc6 7. Be3 a6 8. Qd2 b5
9. a3 Qc7 10. dxc5 Nxc5 11. Qf2 Na5 12. Bd4 Bb7 13. Be2 Nc4 14. O-O 1/2-1/2

[Event "RUS-Cup 300 years"]
[Site "St Petersburg RUS"]
[Date "2003.10.24"]
[Round "7"]
[White "Burmakin, Vladimir"]
[Black "Sambuev, Bator"]
[Result "1-0"]
[WhiteElo "2590"]
[BlackElo "2507"]
[PlyCount "79"]
[EventDate "2003.10.18"]
[EventType "swiss"]
[EventRounds "9"]
[EventCountry "RUS"]
[Source "ChessBase"]
[SourceDate "2003.11.25"]

1. d4 d5 2. Nf3 Nf6 3. c4 c6 4. e3 Bf5 5. Nc3 e6 6. Nh4 Bg6 7. Qb3 Qc7 8. Nxg6
hxg6 9. g3 Nbd7 10. Bd2 Be7 11. Rc1 Nb6 12. cxd5 Nbxd5 13. Bg2 Qb6 14. Qc4 O-O
15. Na4 Qc7 16. Qb3 Rfd8 17. O-O b5 18. Nc5 e5 19. Nd3 exd4 20. e4 Nb6 21. Bf4
Qb7 22. Ne5 Bd6 23. Nxg6 Bxf4 24. Nxf4 Rac8 25. e5 Nfd5 26. Ne2 c5 27. Qxb5 Qe7
28. Bf3 Rc7 29. Rfd1 Rdc8 30. Bg4 Rb8 31. Qa5 Nb4 32. Nxd4 cxd4 33. Rxc7 Qxc7
34. Qxb4 Nc4 35. Qe1 Nxe5 36. Rxd4 Rxb2 37. Re4 Qc2 38. Bd1 Rb1 39. Bxc2 Nf3+
40. Kf1 1-0

[Event "RUS-Cup 300 years"]
[Site "St Petersburg RUS"]
[Date "2003.10.25"]
[Round "8"]
[White "Vysochin, Spartak"]
[Black "Sambuev, Bator"]
[Result "1-0"]
[WhiteElo "2584"]
[BlackElo "2507"]
[PlyCount "101"]
[EventDate "2003.10.18"]
[EventType "swiss"]
[EventRounds "9"]
[EventCountry "RUS"]
[Source "ChessBase"]
[SourceDate "2003.11.25"]

1. e4 e6 2. d4 d5 3. e5 c5 4. c3 Nc6 5. Nf3 Qb6 6. a3 Nh6 7. b4 cxd4 8. cxd4
Nf5 9. Bb2 Be7 10. Bd3 a5 11. Qa4 O-O 12. b5 f6 13. Bxf5 fxe5 14. Bh3 e4 15.
Nfd2 Ne5 16. dxe5 Qxf2+ 17. Kd1 e3 18. Qg4 Bd7 19. a4 exd2 20. Bd4 h5 21. Qxe6+
Bxe6 22. Bxe6+ Kh8 23. Bxf2 Rxf2 24. Ra2 Bb4 25. Nxd2 Re8 26. Bd7 Rxe5 27. Re1
Rxe1+ 28. Kxe1 Rxg2 29. h3 d4 30. Bf5 b6 31. Rc2 g5 32. Kd1 Rf2 33. Be4 Rf4 34.
Bd3 g4 35. hxg4 hxg4 36. Ne4 Rf3 37. Rh2+ Kg7 38. Kc2 Re3 39. Rg2 Re1 40. Rxg4+
Kf8 41. Rg6 Ra1 42. Rxb6 Ra2+ 43. Kb3 Ra3+ 44. Kc4 Rxa4 45. Kd5 Ra3 46. Kxd4
Rb3 47. Bc4 Rb1 48. Rb7 a4 49. b6 Ba5 50. Rf7+ Ke8 51. Nf6+ 1-0

[Event "RUS-ch"]
[Site "Krasnoyarsk RUS"]
[Date "2003.09.04"]
[Round "2"]
[White "Kharlov, Andrei"]
[Black "Sambuev, Bator"]
[Result "1-0"]
[WhiteElo "2591"]
[BlackElo "2496"]
[PlyCount "67"]
[EventDate "2003.09.03"]
[EventType "swiss"]
[EventRounds "9"]
[EventCountry "RUS"]
[Source "Mark Crowther"]
[SourceDate "2003.09.08"]

1. d4 d5 2. c4 c6 3. Nf3 e6 4. Qc2 dxc4 5. Qxc4 Nf6 6. Bg5 b5 7. Qc2 Bb7 8. e4
Nbd7 9. Bd3 Qb6 10. a4 a6 11. O-O Rc8 12. Nc3 h6 13. Be3 Ng4 14. Bf4 Be7 15.
Qe2 O-O 16. h3 Ngf6 17. e5 Nd5 18. Qe4 f5 19. exf6 Rxf6 20. Qh7+ Kf7 21. Ne5+
Ke8 22. Bg3 Qxd4 23. Rad1 Nxe5 24. Be4 Qb4 25. Bxe5 Kf7 26. axb5 axb5 27. Rd3
Rg8 28. Bxf6 Bxf6 29. Bg6+ Kf8 30. Nxd5 cxd5 31. Rf3 Qxb2 32. Rb1 Qe5 33. Rxb5
Bc6 34. Rxf6+ 1-0

[Event "RUS-ch"]
[Site "Krasnoyarsk RUS"]
[Date "2003.09.05"]
[Round "3"]
[White "Sambuev, Bator"]
[Black "Tregubov, Pavel"]
[Result "0-1"]
[WhiteElo "2496"]
[BlackElo "2635"]
[PlyCount "108"]
[EventDate "2003.09.03"]
[EventType "swiss"]
[EventRounds "9"]
[EventCountry "RUS"]
[Source "Mark Crowther"]
[SourceDate "2003.09.08"]

1. d4 d5 2. c4 e6 3. Nf3 Nf6 4. g3 dxc4 5. Bg2 Nc6 6. Qa4 Bb4+ 7. Bd2 Bd6 8.
O-O O-O 9. Qxc4 e5 10. d5 Ne7 11. Nc3 h6 12. Rfd1 a6 13. a4 Bd7 14. h3 Rb8 15.
a5 Ne8 16. Be3 Qc8 17. Ba7 Ra8 18. Bc5 Ng6 19. h4 Nf6 20. Bxd6 cxd6 21. Qb4 Bh3
22. Bh1 Qd7 23. Nd2 Rad8 24. Nc4 Rfe8 25. Nb6 Qe7 26. Kh2 Bc8 27. Ne4 Ng4+ 28.
Kg1 Bf5 29. f3 Bxe4 30. Qxe4 Nf6 31. Qf5 e4 32. f4 Nf8 33. Rac1 g6 34. Qh3 h5
35. Nc8 Rxc8 36. Rxc8 Ng4 37. Rc4 Qf6 38. Rxe4 Rxe4 39. Bxe4 Qxb2 40. Bf3 Qc2
41. Rf1 Qc5+ 42. Kh1 Nf2+ 43. Rxf2 Qxf2 44. Qc8 Qxg3 45. Qxb7 Qe1+ 46. Kg2 Qxa5
47. Qe7 Qb4 48. e4 a5 49. e5 dxe5 50. Qxe5 a4 51. d6 a3 52. Bd5 a2 53. d7 Qd2+
54. Kg3 a1=Q 0-1

[Event "RUS-ch"]
[Site "Krasnoyarsk RUS"]
[Date "2003.09.08"]
[Round "5"]
[White "Sambuev, Bator"]
[Black "Yandemirov, Valeri"]
[Result "1-0"]
[WhiteElo "2496"]
[BlackElo "2478"]
[PlyCount "80"]
[EventDate "2003.09.03"]
[EventType "swiss"]
[EventRounds "9"]
[EventCountry "RUS"]
[Source "Mark Crowther"]
[SourceDate "2003.09.08"]

1. d4 Nf6 2. c4 g6 3. Nc3 d5 4. Bf4 Bg7 5. e3 c6 6. Nf3 O-O 7. h3 Qa5 8. Rc1
Nbd7 9. Qd2 Nb6 10. c5 Nbd7 11. Be2 Qd8 12. b4 h6 13. Qc2 a6 14. Bh2 Re8 15.
O-O Nh7 16. e4 dxe4 17. Qxe4 Ndf6 18. Qe3 Be6 19. Ne5 Nd5 20. Nxd5 Bxd5 21. a4
Nf8 22. f4 e6 23. Bd3 Nd7 24. Bb1 a5 25. b5 cxb5 26. axb5 a4 27. c6 bxc6 28.
bxc6 Nxe5 29. fxe5 a3 30. c7 Qg5 31. Qf2 a2 32. Bd3 Qe7 33. Ba6 Rxa6 34. c8=Q
Rxc8 35. Rxc8+ Kh7 36. Rcc1 Qb7 37. Bf4 Rb6 38. Bd2 Rb2 39. h4 h5 40. Qf4 Bxg2
1-0

[Event "RUS-ch"]
[Site "Krasnoyarsk RUS"]
[Date "2003.09.09"]
[Round "6"]
[White "Belov, Vladimir"]
[Black "Sambuev, Bator"]
[Result "1/2-1/2"]
[WhiteElo "2553"]
[BlackElo "2496"]
[PlyCount "70"]
[EventDate "2003.09.03"]
[EventType "swiss"]
[EventRounds "9"]
[EventCountry "RUS"]
[Source "Mark Crowther"]
[SourceDate "2003.09.15"]

1. e4 e6 2. d4 d5 3. Nc3 Bb4 4. exd5 exd5 5. Bd3 Nc6 6. a3 Bxc3+ 7. bxc3 Nge7
8. Qh5 Be6 9. Rb1 b6 10. Nf3 Qd7 11. Ng5 g6 12. Qf3 O-O-O 13. O-O h6 14. Nxe6
fxe6 15. Re1 Nf5 16. a4 Rde8 17. Qg4 e5 18. Qxg6 e4 19. Bb5 Nd6 20. Ba6+ Kb8
21. Qh5 Ne7 22. a5 Ref8 23. axb6 axb6 24. Bf1 Qc6 25. Ba3 Rf5 26. Qe2 Rhf8 27.
Qa6 Rxf2 28. c4 dxc4 29. Bxd6 Qxd6 30. Ra1 Qc6 31. Bxc4 Rxg2+ 32. Kxg2 e3+ 33.
Kg1 Qg6+ 34. Kh1 Qe4+ 35. Kg1 Qg4+ 1/2-1/2

[Event "RUS-ch"]
[Site "Krasnoyarsk RUS"]
[Date "2003.09.11"]
[Round "8"]
[White "Sherbakov, Ruslan"]
[Black "Sambuev, Bator"]
[Result "1-0"]
[WhiteElo "2555"]
[BlackElo "2496"]
[PlyCount "103"]
[EventDate "2003.09.03"]
[EventType "swiss"]
[EventRounds "9"]
[EventCountry "RUS"]
[Source "Mark Crowther"]
[SourceDate "2003.09.15"]

1. e4 e6 2. d4 d5 3. Nd2 c5 4. Ngf3 Nf6 5. e5 Nfd7 6. c3 Nc6 7. Bd3 Qb6 8. O-O
Be7 9. dxc5 Nxc5 10. Bc2 g5 11. Re1 Nd7 12. Nf1 g4 13. Nd4 h5 14. Bf4 Bc5 15.
Be3 Ndxe5 16. Bf4 f6 17. Be3 Kf7 18. Nd2 Qa6 19. b4 Bxd4 20. cxd4 Nc4 21. Nxc4
Qxc4 22. a3 Qa6 23. f3 g3 24. hxg3 Bd7 25. b5 Qxb5 26. Rb1 Qa6 27. Bd3 b5 28.
Bxb5 Qxa3 29. Rc1 Rac8 30. Qd2 Qe7 31. Ra1 Rb8 32. Ba4 Rb7 33. Rab1 Nd8 34. Bc2
Bb5 35. Bb3 Qd7 36. Bf4 Nc6 37. Bc2 a6 38. Re3 Ne7 39. Rbe1 Rb6 40. Rb1 Rc6 41.
Rbe1 Ra8 42. Bb1 a5 43. g4 h4 44. Rb3 Bc4 45. Qc2 Qa7 46. Qh7+ Ke8 47. Bf5 e5
48. Kh1 Bxb3 49. dxe5 Nxf5 50. Qg8+ Ke7 51. exf6+ Kd7 52. Qf7+ 1-0